قناة السويس : (Record no. 16025)
[ view plain ]
| 000 -الفاتح | |
|---|---|
| حقل البيانات ثابتة الطول | 00755nam a22001697a 4500 |
| 008 - عناصر البيانات ثابتة الطول - معلومات عامة | |
| حقل البيانات ثابتة الطول | 110914s1979 ua|||||r|||| 000 0dara d |
| 082 ## - رقم تصنيف ديوى العشرى | |
| رقم الطبعة | 22 |
| رقم التصنيف | 386.43 |
| رقم المادة | ر ز ق |
| 100 ## - المدخل الرئيسى - إسم شخصى | |
| 9 (RLIN) | 27176 |
| الإسم الشخصى | رزق، فتحي |
| 245 ## - بيان العنوان | |
| العنوان | قناة السويس : |
| بقية العنوان | الموقع والتاريخ / |
| بيان المسئوليه,etc | فتحي رزق |
| 260 ## - PUBLICATION, DISTRIBUTION, ETC. (IMPRINT) | |
| مكان الناشر او الموزع | القاهرة : |
| اسم الناشر او الموزع | [دار النصر للطباعة الإسلامية] ، [1983?] |
| تاريخ النشر أو التوزيع | [1983?] |
| 300 ## - الوصف المادى | |
| التعداد | 409 ص ؛ |
| أبعاد الوعاء | 24 سم |
| 504 ## - تبصرة ببليوجرافية | |
| تبصرة ببليوجرافية,الخ | يشتمل على إرجاعات بليوجرافية ص 408-409 |
| 650 ## - المدخل الاضافى بالموضوع-مصطلح موضوعى | |
| 9 (RLIN) | 17620 |
| مصطلح موضوعي أو اسم جغرافي كعنصر مدخل | قناة السويس |
| التقسيم الفرعي العام | تاريخ |
| 653 ## - مصطلح تكشيفى غير مقيد | |
| Resource For college | |
| 942 ## - عناصر المدخل الإضافي( كوها) | |
| مصدر التصنيف او مخطط الترفيف | Dewey Decimal Classification |
| Koha [default] item type | Book - Borrowing |
| حالة التراجع | حالة الفقد | مصدر التصنيف او خطة الترفيف | حالة تلف | ليس للاعارة | مجموعات كوها | المكان الدائم | المكان الحالي | موقع الترفيف | تاريخ الاكتساب | Source of acquisition | رقم الاستدعاء | الباركود | Date last seen | نوع الوعاء |
|---|---|---|---|---|---|---|---|---|---|---|---|---|---|---|
| Dewey Decimal Classification | Alef-Baa | Central Library | Central Library | First floor | 14/09/2011 | 386.43 ر ز ق | 000024729 | 15/07/2025 | Book - Borrowing |